Les 50 Plus Grandes Villes de France - Statistiques

Statistiques générales
  • Ce quiz a été pris 119 fois
  • Le résultat moyen est 28 sur 50
Statistiques - réponses
Population Ville % Correct
11.4m Paris
100%
1.7m Marseille
99%
1.8m Lyon
98%
1.1m Lille
93%
1.1m Toulouse
92%
716,952 Nantes
90%
1.0m Nice
90%
1.0m Bordeaux
88%
374,366 Rennes
88%
492,925 Strasbourg
87%
490,812 Montpellier
78%
140,064 Brest
77%
596,228 Toulon
76%
182,460 Reims
73%
383,621 Saint-Etienne
73%
116,429 Metz
72%
547,057 Grenoble
71%
170,147 Le Havre
69%
104,286 Nancy
69%
481,335 Rouen
69%
147,931 Saint-Denis
69%
143,886 Clermont-Ferrand
64%
105,354 Caen
61%
156,920 Dijon
61%
152,960 Angers
60%
116,685 Orleans
59%
120,158 Perpignan
58%
371,872 Tours
57%
126,924 Annecy
55%
150,610 Nimes
54%
134,057 Amiens
49%
109,443 Mulhouse
49%
147,712 Villeurbanne
48%
142,946 Le Mans
47%
96,990 Roubaix
43%
132,175 Limoges
41%
115,934 Besancon
40%
486,710 Avignon
39%
142,482 Aix-en-Provence
35%
95,105 Nanterre
27%
346,237 Valenciennes
25%
90,605 Creteil
24%
97,368 Tourcoing
23%
110,210 Argenteuil
19%
120,071 Boulogne-Billancourt
17%
183,430 Cergy-Pontoise
16%
109,897 Montreuil
16%
93,557 Vitry-sur-Seine
8%
366,909 Bethune
7%
146,598 Saint-Quentin-en-Yvelines
1%
Aucun quiz correspondant
Distribution des résultats
% des personnes avec chaque résultat
Percentile par nombre de réponses
Votre historique - résultats
Vous n’avez pas pris ce quiz